Long-term memory in electricity prices: czech market evidence

Analýza cien elektriny v Českej republike v období rokov 2009-2012.

Enregistré dans:
Détails bibliographiques
Auteur principal: Krištoufek, Ladislav
Autres auteurs: Lunáčková, Petra
Format: Chapitre de livre
Langue:anglais
Sujets:
Tags: Ajouter un tag
Pas de tags, Soyez le premier à ajouter un tag!

MARC

LEADER 00000naa a2200000 4500
001 0191975
005 20231010120359.9
041 0 |a eng 
044 |a CZ 
245 1 0 |a Long-term memory in electricity prices: czech market evidence  |c Ladislav Krištoufek, Petra Lunáčková 
520 |a Analýza cien elektriny v Českej republike v období rokov 2009-2012. 
610 2 0 |a elektrina 
610 2 0 |a ceny 
610 2 0 |a trh energetický 
610 2 0 |a Česko 
100 1 |a Krištoufek, Ladislav 
700 1 |a Lunáčková, Petra